• 首页
  • 本馆介绍
  • 公告通知
  • 最新文献
  • 馆藏检索
  • 电子资源
  • 读者导购
  • 参考咨询
  • 我的图书馆
  • 登录
  • 详细信息显示
  • 放入我的书架
  • 预约/预借图书
  • 作者相关作品
  • 分类相关作品
  • 丛书相关作品
  • 出版社相关作品

书目信息

  • 表格格式
  • 工作单格式
  • 卡片格式
题名:
初等数论
    
 
作者: 严士健 , 闵嗣鹤 编
分册:  
出版信息: 北京   人民教育出版社  1982
页数: 200页
开本: 21cm
丛书名:
单 册:
中图分类: O156.1
科图分类:
主题词: 初等数论--高等学校--教学参考资料
电子资源:
ISBN:
000 00733nam0 2200265 45
001 0182000626
005 20060812145441.32
010    @dCNY0.72
091    @a13012.0880
100    @a19950525d1982 em y0chiy0121 ea
101 0  @achi
102    @aCN@b110000
105    @ay z 000yy
200 10 @a初等数论@Achu deng shu lun@f闵嗣鹤,严士健编@Fmin si he,yan shi jian bian
205    @a2版
210    @a北京@c人民教育出版社@d1982
215    @a200页@d21cm
300    @a高等学校教学参考书
606    @a初等数论@x高等学校@x教学参考资料
690    @aO156.1@v3
701  0 @a严士健@Ayan shi jian@4编
701  0 @a闵嗣鹤@Amin si he@4编
801  0 @aCN@b上海图书馆@c20060812
801  2 @aCN@bNLC@c20060812
905    @dO156.1@e20=2
    
    初等数论/闵嗣鹤,严士健编.-2版.-北京:人民教育出版社,1982
    200页;21cm
    高等学校教学参考书
    
    ISBN :CNY0.72
    
●
相关链接 在E读中查询图书 在五车中查询图书 在当当中查询图书 在豆瓣中查询图书


正题名:初等数论     索取号:O156.1/20=2         预约/预借

序号 登录号 条形码 馆藏地/架位号 状态 备注
1 0088121   000415045   第三借阅区/ [索取号:O156.1/20=2] 在馆    
2 0088122   000410335   第三借阅区/ [索取号:O156.1/20=2] 在馆    
3 0088123   000415072   第三借阅区/ [索取号:O156.1/20=2] 在馆    
4 0088124   000412342   第三借阅区/ [索取号:O156.1/20=2] 在馆    
5 0088125   000415063   第三借阅区/ [索取号:O156.1/20=2] 在馆    
6 0088126   001945774   第三借阅区/ [索取号:O156.1/20=2] 在馆    
7 0088127   000415054   第三借阅区/ [索取号:O156.1/20=2] 在馆    
8 0088129   202246916   密集书库/ [索取号:O156.1/20=2] 在馆    
9 0088130   000412351   第二样本阅览室/ [索取号:O156.1/20=2] 在馆    
10 0454728   204547286   密集书库/ [索取号:O156.1/20=2] 在馆    
11 0454729   204547295   密集书库/ [索取号:O156.1/20=2] 在馆    
12 0454730   204547302   密集书库/ [索取号:O156.1/20=2] 在馆    
13 0454731   204547311   密集书库/ [索取号:O156.1/20=2] 在馆    
唐山师范学院图书馆 欢迎您!
大连网信软件有限公司© 版权所有